LEADER 00909nam a2200217 u 4500 001 000000014816 003 CaOOAMICUS 005 20070226105816.0 008 940713s1866 it u000 u ita u 035 $a10348123 040 $aPUL(R)$bita 245 00$aCosa è giansenismo :$bReminescenze di seminario e studi di un sacerdote milanese. 260 $aMilano :$btip. arciv. G. Agnelli,$c1866. 300 $a324 p. ;$c19 cm 504 $aBibliografia in nota. 650 4$aGiansenismo.$0(OLS)http://pul/subject/2126 850 $aPUL 852 $aPUL$W1$xDP1 Antico 800$y27$m109 G 26$j20751$nBK-PRI$b $qStampati Antico$B20751$CPULBib$Z2$F20751 $H $81 941 1 $a15 996 $6245$aCosa è giansenismo :$bReminescenze di seminario e studi di un sacerdote milanese$9(OLS)http://pul/title/21263 996 $6260$aMilano :$btip. arciv. G. Agnelli$9(OLS)http://pul/publisher/54471 LEADER 01247nam a2200301 a 4500 001 000000171890 003 CaOOAMICUS 005 20190514135106.0 008 190514s2019 it u000 u ita r 020 $a978-88-467-5489-9* 032 $aLibriCat 040 $aPUL$bita 082 04$a103 245 14$aUna lunga conversazione : $bricordo di Lorenzo Calabi /$ca cura di Elisa Bertò; prefazione di Lorenzo Amoroso. 260 $aPisa :$bETS,$c2018. 300 $a115 p. ;$b$c22 cm 440 0$aPhilosophica (ETS)$pSerie blu ;$v218 504 $aBibliografia in nota a piè pagina. 830 0$aPhilosophica (ETS)$pSerie blu ;$v218.$0(OLS)http://pul/title/163016 850 $aPUL 852 $aPUL$W1$xSL Filosofia 3$y81$m103 COLL 13.218$j195741$qDDC 21$B200587$CPULBib$Z2$F200587 $H132598 $82 941 1 $a9 996 $6020$a978-88-467-5489-9*$9(OLS)http://pul/number/166057 996 $6082$a103$9(OLS)http://pul/classification/621 996 $6440$aPhilosophica (ETS)$pSerie blu$9(OLS)http://pul/title/163016 996 $6245$aUna lunga conversazione : $bricordo di Lorenzo Calabi$9(OLS)http://pul/title/212750 996 $6260$aPisa :$bETS$9(OLS)http://pul/publisher/65234